| 000 | 00534nam a2200169 i 4500 | ||
|---|---|---|---|
| 001 | bg | ||
| 100 | 1 | _aFRIEBE, Wolfgang | |
| 245 | 0 |
_aVom Kristallpalast zum Sonnenturm : _beine Kulturgeschichte der Weltausstellungen / _cvon Wolfgang Friebe. |
|
| 260 |
_aLeipzig : _bEdition Leipzig, _c1983. |
||
| 300 |
_a226 s. : _bil. barwne, rys., wykr. ; _c28x25 cm. |
||
| 650 | 9 |
_aArchitektura _xhistoria _y19-20 w. |
|
| 040 | _cBPK | ||
| 041 | _apol | ||
| 080 | _a061.4:725.2"18/19" | ||
| 942 | _cKS | ||
| 008 | s pl f |000 0 pol | ||
| 999 |
_c22741 _d22741 |
||
| 856 |
_uhttp://koha.tu.koszalin.pl/cgi-bin/koha/opac-detail.pl?biblionumber=22741 _yKatalog online BPK |
||